| 000 | 01319nam a2200229Ia 4500 | ||
|---|---|---|---|
| 008 | 220216s9999 xx 000 0 und d | ||
| 100 | _aRay D | ||
| 245 | 0 | _aReduced membrane damage and higher lea protein content under low temperature: Probable causes for delayed defoliation of Hevea in North East India | |
| 260 |
_bNatural Rubber Research _c2004 |
||
| 300 | _a79-85 | ||
| 520 | _aTwo popular clones of Hevea brasiliensis were studied to understand their defoliation pattern in relation to some of the biochemical parameters during the winter season. The low temperature induced changes such as membrane injury, anthocyanin and late embryogenesis abundant (LEA) protein accumulation were examined. The early defoliation clone RRII 105 showed high membrane injury, anthocyanin accumulation and rapid chlorophyll degradation with low LEA protein, whereas the late defoliating clone RRIM 600, recorded the opposite trend. It can be inferred that the temporal difference in wintering and in the biochemical parameters studied are related to cold susceptibility | ||
| 650 | _aAnthocyanin | ||
| 650 | _aChlorophyll | ||
| 650 | _aDefoliation | ||
| 650 | _aHevea brasiliensis | ||
| 650 | _aLEA protein | ||
| 650 | _aMembrane damage | ||
| 700 | _aDas G | ||
| 700 | _aDey S K | ||
| 700 | _aRaj S | ||
| 942 | _cJS | ||
| 999 |
_c66574 _d66574 |
||